000 00846nam a2200217Ii 4500
003 JO-AjNU
008 230605s9999||||xx |||||||||||||| ||und||
020 _a9953-33-692-X
040 _aJO-AjNU
_bara
_erda
_cJO-AjNU
041 _aara
050 1 4 _aLB15.H36.2004
100 3 _aتأليف حنا الله، رمزي كامل ، م، مشارك ميشيل تكلا جرجس؛ يوسف خليل يوسف، مراجع,
_eauthor
_927521
245 0 0 _aمعجم المصطلحات التربوية : إنجليزي-عربي 
250 _aالطبعة الثانية
264 3 1 _aبيروت: مكتبة لبنان، 2004
300 _aمتعدد الترقيم
336 _atext
_btxt
_2rdacontent
337 _aunmediated
_bn
_2rdamedia
338 _avolume
_bnc
_2rdacarrier
650 4 _a التعليم -- معجم مصطلحات 
_927522
999 _aA10565
_c14133
_d14133